000 00260nam a2200109Ia 4500
008 200302s9999 xx 000 0 und d
100 _aAlan Gore & Other
245 _aThe English Garden
260 _bSpring Books Publishing
260 _c1988
300 _a256 P.,
999 _c2254
_d2254